Grano del evangelio en la tierra virgen Christo, seminario de toda enseñanza, limitada por averla puesto en estas pajas

Detalles Bibliográficos
Autor principal: Ormaza, José de 1617-1676
Otros Autores: Ibarra, Lorenzo de (ed.)
Formato: Libro
Lenguaje:Spanish
Publicado: en Madrid 1667
Materias:
Colección:Banco de datos
Acervo:Biblioteca Armando Olivares Carrillo de la Universidad de Guanajuato. Fondo Conventos
Descripción Física:2 t. f°
Tema general:Biblia
Notas:Marca de fuego: Convento de san Pedro de Alcántara de Guanajuato, Gto.
Daños en la encuadernación
LEADER 00982nam a22002170004500
035 |a 4828 
041 0 |a spa 
050 4 |a BS535  |b O7 
100 1 |a Ormaza, José de  |d 1617-1676 
245 1 0 |a Grano del evangelio en la tierra virgen Christo, seminario de toda enseñanza, limitada por averla puesto en estas pajas  |c el Padre Joseph de Ormaza, de la Compañia de Jesus 
260 |a en Madrid  |b por los herederos de Pablo Val ; a costa de Lorenzo de Ibarra, mercader de libros  |c 1667 
300 |a 2 t.  |c f° 
500 |a Marca de fuego: Convento de san Pedro de Alcántara de Guanajuato, Gto. 
500 |a Daños en la encuadernación 
505 0 0 |a t.1 Desde la generacion eterna al nacimiento temporal, por los evangelistas san Juan, san Mateo y san Lucas 
650 1 0 |a Biblia 
700 1 |a Ibarra, Lorenzo de  |e ed. 
949 |a CO. t. 1 (8688) 
942 |c GUANAJUATO 
943 |g Biblioteca Armando Olivares Carrillo de la Universidad de Guanajuato. Fondo Conventos 
999 |c 1148785  |d 1148785